Woodworking / Emily St. James.
Available copies
- 1 of 1 copy available at LARL/NWRL Consortium.
- 1 of 1 copy available at Lake Agassiz Regional Library. (Show preferred library)
Current holds
0 current holds with 1 total copy.
Show Only Available Copies
| Location | Call Number / Copy Notes | Barcode | Shelving Location | Status | Due Date |
|---|---|---|---|---|---|
| Detroit Lakes Public Library | STJ (Text) | 33500014168066 | Main | Available | - |
Record details
- ISBN: 9781638931478
- ISBN: 163893147X
- Physical Description: 351 pages ; 24 cm
- Edition: First edition.
- Publisher: [New York, NY] : Crooked Media Reads, a Zando imprint, 2025.
- Copyright: ©2025
Content descriptions
| Summary, etc.: | "Erica Skyberg is thirty-five years old, recently ... Read More |
Search for related items by subject
| Genre: | Bildungsromans. Transgender fiction. Transgender fiction. LGBTQ+ fiction Bildungsromans. Transgender fiction. Novels. |
| LDR | 03681cam a2200709 i 4500 | ||
|---|---|---|---|
| 001 | 455237 | ||
| 003 | LARL_NWRL_CONSORTIUM | ||
| 005 | 20250313154559.0 | ||
| 008 | 250218t20252025nyu 000 f eng d | ||
| 010 | . | ‡a 2024946679 | |
| 040 | . | ‡aBRL ‡beng ‡erda ‡erda ‡cBRL ‡dBRL ‡dCLE ‡dIH9 ‡dOCLCO ‡dJQM ‡dIUK ‡dOCLCO ‡dIGA ‡dOCLCO ‡dIMT ‡dGL4 ‡dOCLCO ‡dOCLCQ ‡dOCLCO ‡dYU6 ‡dOCLCO | |
| 020 | . | ‡a9781638931478 ‡q(hardcover) | |
| 020 | . | ‡a163893147X ‡q(hardcover) | |
| 035 | . | ‡a(OCoLC)1499968161 | |
| 043 | . | ‡an-us-sd | |
| 082 | 0 | 4. | ‡a813/.6 ‡223/eng/20250217 |
| 100 | 1 | . | ‡aSt. James, Emily, ‡eauthor. ‡1https://id.oclc.org/worldcat/entity/E39PBJhRGG48rFCqTcRrkBj6Kd |
| 245 | 1 | 0. | ‡aWoodworking / ‡cEmily St. James. |
| 246 | 3 | . | ‡aWood working |
| 250 | . | ‡aFirst edition. | |
| 264 | 1. | ‡a[New York, NY] : ‡bCrooked Media Reads, a Zando imprint, ‡c2025. | |
| 264 | 4. | ‡c©2025 | |
| 300 | . | ‡a351 pages ; ‡c24 cm | |
| 336 | . | ‡atext ‡btxt ‡2rdacontent | |
| 337 | . | ‡aunmediated ‡bn ‡2rdamedia | |
| 338 | . | ‡avolume ‡bnc ‡2rdacarrier | |
| 520 | . | ‡a"Erica Skyberg is thirty-five years old, recently divorced, and trans. Not that she's told anyone yet. Mitchell, South Dakota, isn't exactly bursting with other trans women. Instead, she keeps to herself, teaching by day and directing community theater by night. That is, until Abigail Hawkes enters her orbit. Abigail is seventeen, Mitchell High's resident political dissident and Only Trans Girl. It's a role she plays faultlessly, albeit a little reluctantly. She's also annoyed by the idea of spending her senior year secretly guiding her English teacher through her transition. But Abigail remembers the uncertainty--and loneliness--that comes with it. Besides, Erica isn't the only one struggling to shed the weight of others' expectations. As their unlikely friendship evolves under the increasing scrutiny of their community, both women, and those closest to them, will come to realize that sometimes there is nothing more radical than letting the world see who you really are"-- ‡cProvided by publisher. | |
| 650 | 0. | ‡aTransgender women ‡zSouth Dakota ‡vFiction. | |
| 650 | 0. | ‡aWomen teachers ‡zSouth Dakota ‡vFiction. | |
| 650 | 0. | ‡aDivorced women ‡vFiction. ‡0(LARL_NWRL_CONSORTIUM)164537 | |
| 650 | 0. | ‡aTransgender youth ‡zSouth Dakota ‡vFiction. | |
| 650 | 0. | ‡aSocial pressure ‡vFiction. | |
| 650 | 0. | ‡aFemale friendship ‡vFiction. ‡0(LARL_NWRL_CONSORTIUM)164947 | |
| 650 | 0. | ‡aTheaters ‡vFiction. | |
| 651 | 0. | ‡aSouth Dakota ‡vFiction. ‡0(LARL_NWRL_CONSORTIUM)168862 | |
| 650 | 7. | ‡aFICTION / Literary. ‡2bisacsh | |
| 650 | 7. | ‡aFICTION / Coming of Age. ‡2bisacsh | |
| 650 | 7. | ‡aFICTION / Women. ‡2bisacsh | |
| 650 | 7. | ‡aFICTION / Friendship. ‡2bisacsh | |
| 650 | 7. | ‡aFICTION / LGBTQ+ / Transgender. ‡2bisacsh | |
| 650 | 7. | ‡aTransgender characters. ‡2homoit | |
| 650 | 7. | ‡aTransfeminine people. ‡2homoit | |
| 650 | 7. | ‡aTransgender daughters. ‡2homoit | |
| 650 | 7. | ‡aTransgender relationships. ‡2homoit | |
| 650 | 7. | ‡aTransgender youth. ‡2homoit | |
| 655 | 0. | ‡aBildungsromans. | |
| 655 | 0. | ‡aTransgender fiction. | |
| 655 | 7. | ‡aTransgender fiction. ‡2homoit | |
| 655 | 7. | ‡aLGBTQ+ fiction ‡2homoit | |
| 655 | 7. | ‡aBildungsromans. ‡2lcgft | |
| 655 | 7. | ‡aTransgender fiction. ‡2lcgft | |
| 655 | 7. | ‡aNovels. ‡2lcgft | |
| 901 | . | ‡a455237 ‡bOCoLC ‡c455237 ‡tbiblio ‡soclc | |

Add to basket
Permalink
Disable Highlighting